000 00438 a2200109 4500
100 1 _aMickevic, B.F..
_eAutor
700 1 _aSuscik, Ju. Ja..
_eAutor
700 1 _aSamcuk, A.I..
_eAutor
245 0 _aFiziko-chimiceskie uslovija formirovanija ekzogennych oreolov i potokov rassejanija berillija /
_cMickevic B.F., Suscik Ju. Ja., Samcuk A.I..
710 2 _aNaukova Dumka.
_eWydawca
_4pbl
260 _aKiev :
_bNaukova Dumka,
_c1984.
300 _a176 s.:
_bil.;
_c20 cm.
999 _c8362
_d8362